| 000 | 00338nam a2200109Ia 4500 | ||
|---|---|---|---|
| 008 | 171204s9999 xx 000 0 und d | ||
| 245 | _aPeace in Motion: John Dewey and the Aesthetics of Well-Being: | ||
| 245 | _cEric Evans and Yoram Lubling | ||
| 260 | _c2016 | ||
| 650 | _xHistory | ||
| 856 | _uhttp://down.ebook777.com/063/1433121239.pdf | ||
| 999 |
_c345534 _d345534 |
||